000 00313nam a22001457a 4500
008 221007b ||||| |||| 00| 0 eng d
020 _a0316057487
041 _aeng
080 _a91
082 _a91 ATT
100 _a19.2
101 _aGJEO
245 _aTHE LIVING PLANET
_cATTENBOROUGH D
942 _2udc
_cBK
999 _c58421
_d58421